000 00627nam a2200193 a 4500
001 000006834
005 20200929154014.0
008 090903s1989 pr 000 0 spa d
040 _aDO-SdBNP
_bspa
_cBHPHU
082 _a398.9
_bG586d
100 1 _aGómez, Raquel G.
_918987
245 1 0 _aDesde mi pueblito nuevo /
_cRaquel G. Gómez.
260 _aBayamón, Puerto Rico :
_bCorripio,
_c1989.
300 _a248 p. ;
_c23 cm.
504 _aIncluye referencias bibliográficas y notas al pie de las páginas
504 _aIncluye bibliografías (p.247-248)
650 4 _aProverbios y refranes
_918988
650 4 _aMáximas
_914993
999 _c6622
_d6622